[Event "Match"]
[Site "www.echecsemail.com"]
[Date "2016.04.19"]
[Round "1"]
[White "Osvalazo"]
[Black "Watford"]
[WhiteElo "1700"]
[BlackElo "1570"]
[Result "1-0"]
[Round "1"]
1.e4 e5
2.Bf1c4 Ng8f6
3.Ng1f3 Nf6xe4
4.Bc4xf7 Kxf7
5.Nf3xe5 Kg8
6.Qd1f3 Ne4f6
7.g4 d6
8.Qf3b3 d5
9.c4 c6
{ time. }
1-0

[Event "Match"]
[Site "www.echecsemail.com"]
[Date "2016.04.19"]
[Round "1"]
[White "Liencam2"]
[Black "Snickers"]
[WhiteElo "2340"]
[BlackElo "1809"]
[Result "1-0"]
[Round "1"]
1.e4 c5
2.Nb1c3 a6
3.Ng1f3 d6
4.d4 cxd4
5.Nf3xd4 Ng8f6
6.Bc1g5 e6
7.f4 Bf8e7
8.Qd1f3 Qd8c7
9.O-O-O Nb8c6
10.Nd4xc6 bxc6
11.Bf1c4 O-O
12.h4 d5
13.e5 Nf6e8
14.Bc4d3 Bc8b7
15.Qf3h5 g6
16.Qh5f3 Ne8g7
17.h5 Be7xg5
18.fxg5 Qc7xe5
19.hxg6 Qe5xg5
20.Kb1 fxg6
21.Qf3h3 h5
22.Rd1g1 Ng7f5
23.g4 Nf5g7
24.gxh5 Qg5xh5
25.Qh3e3 Qh5f3
26.Qe3h6 { resign }
1-0

[Event "Match"]
[Site "www.echecsemail.com"]
[Date "2016.04.19"]
[Round "1"]
[White "Potemkine"]
[Black "Timt"]
[WhiteElo "1540"]
[BlackElo "1229"]
[Result "1-0"]
[Round "1"]
1.d4 h5
2.Ng1f3 e6
3.c3 b5
4.e4 d6
5.Bf1xb5 Nb8d7
6.Bc1g5 Bf8e7
7.Bg5xe7 Ng8xe7
8.Nf3g5 Ra8b8
9.Qd1f3 f6
10.Ng5xe6 Rb8xb5
11.Ne6xd8 Kxd8
12.Qf3e2 a6
13.c4 Rb5b4
14.a3 Rb4b3
15.f3 Ne7c6
16.Qe2d2 Nd7b6
17.d5 Nc6e5
18.O-O Nb6xc4
19.Qd2c2 Rb3xb2
20.Qc2c3 Ke7
21.f4 Bc8g4
22.fxe5 Bg4e2
23.e6 Rh8h6
24.Rf1f2 Rh6g6
25.Rf2xe2 Rb2xe2
26.Qc3xc4 Rg6xg2
27.Kf1 Re2b2
28.Nb1c3 Rg2xh2
29.Kg1 g5
30.Qc4xc7 Kf8
31.Qc7f7 { resign }
1-0

[Event "Match"]
[Site "www.echecsemail.com"]
[Date "2016.04.19"]
[Round "1"]
[White "Milkyway"]
[Black "Mitja"]
[WhiteElo "1809"]
[BlackElo "1890"]
[Result "1/2-1/2"]
[Round "1"]
1.e4 d5
2.exd5 Qd8xd5
3.d4 e6
4.Ng1f3 h6
5.Bf1d3 c6
6.O-O Nb8d7
7.c4 Qd5d6
8.Nb1c3 Ng8f6
9.Bd3c2 b6
10.Qd1e2 Bc8b7
11.Rf1d1 Bf8e7
12.h3 Qd6c7
13.a3 O-O
14.b4 Ra8d8
15.Bc1b2 Rf8e8
16.Nf3e5 Nd7xe5
17.dxe5 Nf6h7
18.Nc3e4 Rd8xd1
19.Ra1xd1 Re8d8
20.Rd1xd8 Qc7xd8
21.Bb2c3 Nh7f8
22.Qe2g4 Bb7a6
23.Qg4e2 Qd8c7
24.g3 Ba6b7
25.Qe2d2 { draw }
1/2-1/2

[Event "Match"]
[Site "www.echecsemail.com"]
[Date "2016.04.19"]
[Round "1"]
[White "Elogic"]
[Black "Fbeley"]
[WhiteElo "1880"]
[BlackElo "1959"]
[Result "1/2-1/2"]
[Round "1"]
1.e4 e6
2.g3 b6
3.Bf1g2 Bc8b7
4.Nb1c3 Bf8b4
5.Qd1f3 Ng8f6
6.a3 Bb4xc3
7.Qf3xc3 Bb7xe4
8.Bg2xe4 Nf6xe4
9.Qc3xg7 Qd8f6
10.Qg7xf6 Ne4xf6
11.b4 Nb8c6
12.f4 Nc6d4
13.Ra1a2 Ke7
14.c3 Nd4f5
15.Ng1f3 Nf5d6
16.d4 Nf6e4
17.Bc1d2 { draw }
1/2-1/2

[Event "Match"]
[Site "www.echecsemail.com"]
[Date "2016.04.19"]
[Round "1"]
[White "Billyg"]
[Black "Elogic"]
[WhiteElo "1630"]
[BlackElo "1900"]
[Result "0-1"]
[Round "1"]
1.e4 c5
2.Ng1f3 e6
3.d4 g6
4.dxc5 Bf8xc5
5.Bc1e3 Bc5b4
6.c3 Bb4a5
7.b4 Ba5c7
8.Bf1c4 a6
9.e5 b5
10.Bc4b3 Bc8b7
11.O-O Nb8c6
12.Be3f4 Qd8b8
13.Nf3g5 Nc6xe5
14.Bf4xe5 Bc7xe5
15.g3 h6
16.Ng5f3 Be5c7
17.Nf3d4 Qb8a7
18.Nb1d2 Ng8f6
19.Rf1e1 Nf6e4
20.Nd2xe4 Bb7xe4
21.Re1xe4 Qa7b7
22.Qd1e2 Bc7b6
23.Ra1d1 O-O
24.c4 f5
25.Re4h4 h5
26.cxb5 Bb6xd4
27.Rd1xd4 axb5
28.h3 Ra8e8
29.Bb3c2 e5
30.Bc2b3 Kg7
31.Bb3d5 Qb7c7
32.Rd4d2 Qc7c3
33.Kh2 e4
34.Rd2b2 Re8e5
35.Qe2d2 Qc3xd2
36.Rb2xd2 Kh6
37.g4 f4
38.Rd2d4 e3
39.fxe3 fxe3
40.g5 Re5xg5
41.Bd5e4 e2
{ resign }
0-1

[Event "Match"]
[Site "www.echecsemail.com"]
[Date "2016.04.19"]
[Round "1"]
[White "Milkyway"]
[Black "Guidom"]
[WhiteElo "1809"]
[BlackElo "2050"]
[Result "1/2-1/2"]
[Round "1"]
1.d4 d5
2.Ng1f3 c6
3.c3 Bc8g4
4.Nf3e5 Bg4h5
5.Qd1b3 Qd8b6
6.Nb1d2 Ng8f6
7.g3 e6
8.Bf1g2 Bf8d6
9.Nd2f3 Nb8d7
10.Ne5xd7 Nf6xd7
11.O-O O-O
12.h3 c5
13.Bc1e3 c4
14.Qb3xb6 Nd7xb6
15.Rf1e1 Ra8c8
16.Re1d1 Nb6a4
17.Rd1d2 f5
18.Nf3e5 Bd6xe5
19.dxe5 b6
20.Be3d4 f4
21.g4 Bh5g6
22.Ra1c1 Rf8f7
23.Bg2f3 { draw }
1/2-1/2

[Event "Match"]
[Site "www.echecsemail.com"]
[Date "2016.04.19"]
[Round "1"]
[White "Gilliere"]
[Black "Wagner"]
[WhiteElo "2000"]
[BlackElo "1760"]
[Result "1-0"]
[Round "1"]
1.d4 d5
2.c4 dxc4
3.e3 b5
4.Nb1c3 c6
5.a4 b4
6.Nc3a2 Qd8a5
7.Bf1xc4 b3
8.Na2c3 e6
9.Bc1d2 Qa5f5
10.Bc4xb3 Ng8f6
11.Ng1f3 Bf8d6
12.Bb3c2 Qf5a5
13.Nc3e4 Qa5d8
14.Ne4xf6 gxf6
15.a5 e5
16.dxe5 fxe5
17.O-O Rh8g8
18.Bc2xh7 Rg8g7
19.Qd1c2 Qd8d7
20.h3 Qd7xh3
21.g3 Bc8g4
22.Bh7e4 f5
23.Be4xc6 Kd8
24.Nf3g5 Rg7xg5
25.Bc6xa8 Rg5h5
26.Rf1c1 Qh3h1
27.Ba8xh1 { resign }
1-0

[Event "Match"]
[Site "www.echecsemail.com"]
[Date "2016.04.19"]
[Round "1"]
[White "Duff"]
[Black "Darknight"]
[WhiteElo "2000"]
[BlackElo "1680"]
[Result "1-0"]
[Round "1"]
1.e4 e5
2.Ng1f3 d6
3.d4 exd4
4.Nf3xd4 a6
5.Nb1c3 c6
6.Bf1e2 h6
7.Bc1f4 Ng8f6
8.O-O g5
9.Bf4g3 h5
10.h4 Bc8g4
11.f3 Bg4c8
12.hxg5 Nf6g8
13.Bg3h4 Bf8e7
14.f4 Bc8g4
15.Qd1e1 Nb8d7
16.f5 Be7xg5
17.Bh4xg5 Qd8xg5
18.Qe1g3 O-O-O
19.b4 Qg5f6
20.Ra1d1 c5
21.bxc5 dxc5
22.Nc3d5 Qf6e5
23.Qg3xe5 Nd7xe5
24.Nd4f3 f6
25.Kf2 Bg4xf3
26.Be2xf3 h4
27.Rf1h1 Kb8
28.Rh1h3 a5
29.Rd1h1 Ka7
30.Rh3xh4 Rh8xh4
31.Rh1xh4 Rd8e8
32.Rh4h8 Ne5f7
33.Rh8h7 Nf7h6
34.Nd5xf6 Re8e7
35.Rh7xe7 Ng8xe7
36.g4 Nh6f7
37.Kg3 b5
38.Kh4 b4
39.g5 Nf7e5
40.Bf3d1 Ne5c4
41.g6 Nc4e3
42.Bd1e2 Ne3xc2
43.g7 a4
44.Be2c4 Nc2d4
45.g8Q Ne7xg8
46.Nf6xg8 b3
47.axb3 a3
48.b4 cxb4
49.f6 b3
50.Bc4xb3 Nd4xb3
51.f7 a2
52.f8Q a1Q
53.Qf8f7 Ka6
54.Qf7xb3 Qa1e1
55.Kg5 Qe1a5
56.Qb3d5 Qa5b6
57.Ng8f6 Qb6e3
58.Kf5 Qe3f3
59.Ke6 Qf3h3
60.Qd5f5 Qh3b3
61.Nf6d5 Qb3c4
62.Qf5e5 Qc4c8
63.Ke7 Qc8b7
64.Qe5c7 Qb7xc7
65.Nd5xc7 Kb6
66.Kd6 Kb7
67.e5 Kc8
68.e6 Kd8
69.e7 Kc8
70.e8Q Kb7
71.Qe8c6 Ka7
72.Qc6a6 { resign }
1-0

[Event "1/128 Finale"]
[Site "www.chess-mail.com"]
[Date "2016.04.19"]
[Round "1"]
[White "Maredocla"]
[Black "Plymouth"]
[WhiteElo "2090"]
[BlackElo "999"]
[Result "0-1"]
[Round "1"]
1.f4 c5
2.Ng1f3 d5
3.b3 Ng8f6
4.Bc1b2 d4
5.c3 Nb8c6
6.cxd4 Nc6xd4
7.e3 Nd4c6
8.Bf1b5 Bc8d7
9.Nb1c3 e6
10.O-O Bf8e7
11.Nc3e2 a6
12.Bb5d3 O-O
13.Qd1c2 Nc6b4
14.Qc2b1 Nb4xd3
15.Qb1xd3 Bd7b5
16.Qd3xd8 Rf8xd8
17.Rf1e1 Nf6e4
18.d4 Ra8c8
19.a4 Bb5xe2
20.Re1xe2 h6
21.Nf3d2 Ne4xd2
22.Re2xd2 cxd4
23.Rd2xd4 Be7c5
24.Rd4xd8 Rc8xd8
25.Ra1e1 Rd8d3
26.Bb2d4 Bc5xd4
27.exd4 Rd3xd4
28.g3 Rd4d3
29.Re1b1 g6
30.Kg2 Kg7
 { time }
0-1

[Event "1/4 Finale"]
[Site "www.chess-mail.com"]
[Date "2016.04.19"]
[Round "1"]
[White "Conde7"]
[Black "Manolinex"]
[WhiteElo "2850"]
[BlackElo "2890"]
[Result "1/2-1/2"]
[Round "1"]
1.e4 c5
2.Ng1f3 d6
3.d4 cxd4
4.Nf3xd4 Ng8f6
5.Nb1c3 a6
6.h3 b5
7.Nc3d5 e6
8.Nd5xf6 Qd8xf6
9.Bf1d3 Nb8d7
10.c3 Bc8b7
11.O-O Bf8e7
12.Bd3c2 O-O
13.f4 Be7d8
14.Bc1e3 Bd8b6
15.Qd1d2 Qf6d8
16.Qd2f2 Ra8c8
17.a4 bxa4
18.Ra1xa4 Nd7c5
19.Ra4a3 Bb7xe4
20.Nd4xe6 fxe6
21.Bc2xe4 Nc5xe4
22.Be3xb6 Ne4xf2
23.Bb6xd8 Nf2xh3
24.gxh3 Rc8xd8
25.Ra3xa6 Kf7
26.b4 Ke7
27.b5 Rf8f5
28.Ra6b6 Rd8c8
29.Rf1d1 Rc8xc3
30.Rd1xd6 Rc3e3
31.Rd6d4 h5
32.Rb6b7 Kf6
{ draw }
1/2-1/2

[Event "Eq:Los Tercios-Slap Shot Mates : "]
[Site "www.chess-mail.com"]
[Date "2016.04.19"]
[Round "1"]
[White "Stevefillion"]
[Black "Asoka"]
[WhiteElo "2370"]
[BlackElo "2750"]
[Result "0-1"]
[Round "1"]
1.Ng1f3 d5
2.g3 Ng8f6
3.Bf1g2 g6
4.O-O Bf8g7
5.d3 Nb8c6
6.Nb1d2 O-O
7.e4 dxe4
8.dxe4 e5
9.c3 Qd8e7
10.Rf1e1 Rf8d8
11.Qd1c2 a5
12.a4 Nf6d7
13.b3 Nd7c5
14.Bc1a3 Bg7f8
15.Nd2c4 Qe7e8
16.Nc4e3 f6
17.b4 axb4
18.cxb4 Nc5d3
19.Re1b1 Bc8e6
20.b5 Nc6b4
21.Ba3xb4 Nd3xb4
22.Qc2c3 Rd8d3
23.Qc3c1 Qe8f7
24.Bg2f1 Nb4a2
25.Bf1xd3 Na2xc1
26.Rb1xc1 Ra8a5
27.Ne3c4 Qf7d7
28.Bd3e2 Ra5a7
29.Nc4e3 b6
30.Rc1d1 Qd7c8
31.Ne3d5 Kg7
32.Be2c4 Be6g4
33.Rd1d3 Bf8c5
34.Bc4b3 c6
35.bxc6 Qc8xc6
36.Kg2 f5
37.Nf3d2 fxe4
38.Nd2xe4 Bc5d4
39.Ra1a2 Bg4e6
{ resign }
0-1

[Event "Tourn. n8671"]
[Site "www.chess-mail.com"]
[Date "2016.04.20"]
[Round "1"]
[White "Roserl"]
[Black "Wegaman"]
[WhiteElo "1920"]
[BlackElo "1950"]
[Result "1-0"]
[Round "1"]
1.e4 e6
2.d4 d5
3.Nb1c3 dxe4
4.Nc3xe4 Ng8f6
5.Bc1g5 Bf8e7
6.Bg5xf6 Be7xf6
7.c3 O-O
8.Ng1f3 Nb8d7
9.Bf1d3 Bf6e7
10.O-O Nd7f6
11.Qd1e2 Rf8e8
12.Ne4xf6 Be7xf6
13.Qe2e4 Ra8b8
14.Qe4xh7 Kf8
15.Rf1e1 Ke7
16.Qh7e4 b6
17.Nf3e5 Bc8b7
18.Ne5c6 Bb7xc6
19.Qe4xc6 Qd8d6
20.Qc6f3 Re8h8
21.h3 Rh8h7
22.Bd3xh7 { resign }
1-0

[Event "Tourn. n8732"]
[Site "www.chess-mail.com"]
[Date "2016.04.20"]
[Round "1"]
[White "Faerieking"]
[Black "Umzi"]
[WhiteElo "2280"]
[BlackElo "2210"]
[Result "1-0"]
[Round "1"]
1.e4 e5
2.Ng1f3 Nb8c6
3.Bf1b5 d6
4.d4 Bc8d7
5.Nb1c3 exd4
6.Nf3xd4 Nc6xd4
7.Bb5xd7 Qd8xd7
8.Qd1xd4 Ng8f6
9.f3 c5
10.Qd4d3 a6
11.Bc1e3 Bf8e7
12.g4 O-O
13.O-O-O b5
14.g5 Nf6h5
15.Be3xc5 { resign }
1-0

[Event "Tourn. n8680"]
[Site "www.chess-mail.com"]
[Date "2016.04.20"]
[Round "1"]
[White "Tartan"]
[Black "Cathar"]
[WhiteElo "2440"]
[BlackElo "2240"]
[Result "1-0"]
[Round "1"]
1.d4 f5
2.g3 Ng8f6
3.Bf1g2 g6
4.Ng1f3 Bf8g7
5.O-O O-O
6.Nb1d2 d6
7.c3 Nb8c6
8.b4 a6
9.Qd1b3 Kh8
10.d5 Nc6e5
11.Rf1d1 Bc8d7
12.Nf3xe5 dxe5
13.Nd2f3 Qd8e8
14.a4 Nf6e4
15.Bc1b2 e6
16.c4 exd5
17.cxd5 Ra8c8
18.e3 c6
19.d6 Bd7e6
20.Qb3d3 Be6d5
21.Nf3xe5 Bg7xe5
22.d7 Qe8xd7
23.Bb2xe5 Kg8
24.f3 Ne4f6
25.Be5xf6 Rf8xf6
26.e4 { resign }
1-0

[Event "Tourn. n8642"]
[Site "www.chess-mail.com"]
[Date "2016.04.20"]
[Round "1"]
[White "Libiesse"]
[Black "Cardiff"]
[WhiteElo "2070"]
[BlackElo "1940"]
[Result "1/2-1/2"]
[Round "1"]
1.Ng1f3 d5
2.d4 Ng8f6
3.c4 e6
4.Bc1g5 Bf8e7
5.e3 O-O
6.Nb1c3 a6
7.Bg5xf6 Be7xf6
8.cxd5 exd5
9.Qd1b3 c6
10.Bf1e2 Nb8d7
11.O-O Qd8b6
12.Qb3xb6 Nd7xb6
13.b3 Bc8e6
14.Rf1c1 Rf8e8
15.h3 Ra8c8
16.Be2d3 Nb6d7
17.e4 dxe4
18.Nc3xe4 Bf6e7
19.Ne4g5 Be7xg5
20.Nf3xg5 Nd7f6
21.Rc1e1 h6
22.Ng5xe6 Re8xe6
23.Re1xe6 fxe6
24.Ra1e1 Kf7
25.Bd3c4 Nf6d5
26.g3 b5
27.Bc4d3 Kf6
{ draw }
1/2-1/2

[Event "Tourn. n8628"]
[Site "www.chess-mail.com"]
[Date "2016.04.20"]
[Round "1"]
[White "Bigrezi"]
[Black "Neo"]
[WhiteElo "1760"]
[BlackElo "1840"]
[Result "1-0"]
[Round "1"]
1.e4 e5
2.Ng1f3 d6
3.d4 g6
4.dxe5 dxe5
5.Qd1xd8 Kxd8
6.Bf1c4 Ke8
7.Nb1c3 Bf8g7
8.Bc1g5 b6
9.O-O-O Nb8c6
10.Bc4d5 Bc8b7
11.Rd1d2 Bg7f6
12.Bg5xf6 Ng8xf6
13.Bd5b3 Ra8d8
14.Rh1d1 Rd8xd2
15.Rd1xd2 Nf6d7
16.Bb3xf7 Kd8
17.Bf7e6 Nc6d4
18.Nf3xd4 exd4
19.Rd2xd4 Bb7c6
20.f3 Rh8e8
21.Be6g4 h5
22.Bg4h3 Re8e7
23.Nc3d5 Bc6xd5
24.Rd4xd5 Kc8
25.Kd2 c6
26.Rd5g5 Re7g7
27.b4 Kc7
28.f4 Nd7f6
29.Ke3 Nf6g4
30.Bh3xg4 hxg4
31.Rg5xg4 Kd6
32.c4 a6
33.a4 b5
34.c5 Ke6
35.Rg4h4 Rg7f7
36.g4 Rf7e7
37.Rh4h6 Kf7
38.axb5 cxb5
39.Rh6h7 Ke8
40.Rh7xe7 Kxe7
41.h4 { resign }
1-0

[Event "Tourn. n8673"]
[Site "www.chess-mail.com"]
[Date "2016.04.20"]
[Round "1"]
[White "Bira47"]
[Black "Falcoale"]
[WhiteElo "1950"]
[BlackElo "1820"]
[Result "1-0"]
[Round "1"]
1.c4 Nb8c6
2.g3 Ng8f6
3.Bf1g2 e6
4.a3 d5
5.b3 dxc4
6.bxc4 Bc8d7
7.Bc1b2 Bf8e7
8.e3 O-O
9.Ng1e2 e5
10.d4 exd4
11.Ne2xd4 Nc6xd4
12.Bb2xd4 c6
13.O-O Qd8c8
14.Rf1e1 Rf8d8
15.Nb1d2 c5
16.Bd4c3 Bd7c6
17.e4 Bc6d7
18.Qd1e2 Bd7g4
19.f3 Bg4h3
20.e5 Bh3xg2
21.Kxg2 Nf6d7
22.e6 fxe6
23.Qe2xe6 Kh8
24.Qe6xe7 Rd8g8
25.Qe7g5 b6
26.Re1e7 Qc8f8
27.Ra1e1 Nd7f6
28.Nd2e4 Nf6xe4
29.Re1xe4 Ra8d8
30.Bc3xg7 Rg8xg7
31.Re7xg7 { resign }
1-0

[Event "Tourn. n8689"]
[Site "www.chess-mail.com"]
[Date "2016.04.20"]
[Round "1"]
[White "Julian"]
[Black "Comrade"]
[WhiteElo "2110"]
[BlackElo "2170"]
[Result "1-0"]
[Round "1"]
1.e4 c5
2.Ng1f3 Nb8c6
3.c3 d5
4.exd5 Qd8xd5
5.d4 Bc8g4
6.Bf1e2 e6
7.O-O cxd4
8.Nf3xd4 Bg4xe2
9.Qd1xe2 Nc6xd4
10.cxd4 Ra8d8
11.Nb1c3 Qd5xd4
12.Bc1e3 Qd4e5
13.Rf1d1 Ng8f6
14.Rd1xd8 Kxd8
15.Ra1d1 Nf6d7
16.Qe2f3 Bf8d6
17.g3 Ke7
18.Be3f4 Qe5c5
19.Bf4xd6 Qc5xd6
20.Rd1xd6 Kxd6
21.Qf3xb7 Rh8b8
22.Qb7xa7 Ke7
23.b3 f5
24.f4 h6
25.Nc3a4 { resign }
1-0

[Event "Match"]
[Site "www.echecsemail.com"]
[Date "2016.04.20"]
[Round "1"]
[White "Daquata"]
[Black "Pimpampum"]
[WhiteElo "1630"]
[BlackElo "1499"]
[Result "0-1"]
[Round "1"]
1.e4 c5
2.Ng1f3 Nb8c6
3.d4 cxd4
4.Nf3xd4 Ng8f6
5.Nb1c3 a6
6.Bc1e3 e5
7.Nd4b3 Bf8b4
8.Bf1d3 d5
9.exd5 Nf6xd5
10.Be3d2 Nd5xc3
11.bxc3 Bb4d6
12.O-O O-O
13.Rf1e1 a5
14.a4 Qd8h4
15.h3 f5
16.f3 Rf8f6
17.Qd1e2 Bc8d7
18.Bd2e3 Rf6g6
19.Kh1 Qh4g3
20.Re1g1 e4
21.Bd3c4 Kh8
22.Be3f2 Qg3h2
{ resign }
0-1

[Event "Match"]
[Site "www.echecsemail.com"]
[Date "2016.04.20"]
[Round "1"]
[White "Nigel"]
[Black "Billyg"]
[WhiteElo "1499"]
[BlackElo "1610"]
[Result "0-1"]
[Round "1"]
1.d4 d6
2.c4 d5
3.Ng1f3 dxc4
4.Nb1c3 e6
5.e3 Bf8b4
6.Bf1xc4 c6
7.O-O b5
8.Bc4d3 Ng8f6
9.Nc3e4 O-O
10.a3 Bb4a5
11.b4 Ba5b6
12.Bc1b2 Nf6xe4
13.Bd3xe4 f5
14.Be4c2 f4
15.Qd1d3 Bc8a6
16.Qd3xh7 Kf7
17.Nf3g5 Ke8
 { time }
0-1

[Event "Match"]
[Site "www.echecsemail.com"]
[Date "2016.04.20"]
[Round "1"]
[White "Daquata"]
[Black "Nigel"]
[WhiteElo "1650"]
[BlackElo "1499"]
[Result "1-0"]
[Round "1"]
1.e4 e5
2.Ng1f3 Nb8c6
3.Bf1c4 Bf8c5
4.c3 a6
5.d4 exd4
6.cxd4 Bc5b4
7.Nb1c3 d6
8.O-O Bb4xc3
9.bxc3 Bc8g4
10.h3 Bg4h5
11.Qd1d3 f6
12.Bc1f4 g5
13.Bf4g3 g4
14.hxg4 Bh5xg4
15.Rf1e1 Qd8d7
16.e5 O-O-O
17.exd6 cxd6
18.Nf3h2  { time }
1-0

[Event "Match"]
[Site "www.echecsemail.com"]
[Date "2016.04.20"]
[Round "1"]
[White "Ztornad"]
[Black "Pariolinius"]
[WhiteElo "1700"]
[BlackElo "2000"]
[Result "1-0"]
[Round "1"]
1.e4 d6
2.Nb1c3 g6
3.Bf1b5 c6
4.Bb5c4 Bf8g7
5.d4 e5
6.Qd1f3 Ng8f6
7.dxe5 dxe5
8.h3 Nb8d7
9.Ng1e2 O-O
10.O-O Nd7b6
11.Bc4d3 Bc8e6
12.b3 Qd8c7
13.Bc1a3 Rf8e8
14.Ra1d1 Ra8d8
15.Ne2g3 Nb6d7
16.Bd3c4 b6
17.Bc4xe6 Re8xe6
18.Qf3e2 Nd7c5
19.Rd1xd8 Qc7xd8
20.Rf1d1 Qd8c7
21.Nc3a4 Nc5xa4
22.c4 Na4c5
23.Rd1b1 Re6d6
24.Rb1d1 Nf6h5
25.Ng3f1 Nh5f4
26.Qe2f3 Rd6d4
27.Ba3c1 Rd4d3
28.Rd1xd3 Nc5xd3
29.Bc1e3 c5
30.Nf1g3 Nd3e1
31.Qf3d1 Ne1xg2
32.Be3c1 Qc7c8
33.Qd1g4 Qc8xg4
34.hxg4 Bg7f6
35.Ng3f1 Kf8
36.Bc1a3 Ke8
37.b4 Bf6e7
38.bxc5 bxc5
39.Nf1g3 Ng2e1
40.Kf1 Ne1c2
41.Ba3c1 a5
42.a4 Nf4d3
43.Bc1d2 Nd3b4
44.Ng3e2 Kd7
45.Ne2c3 Nc2a3
46.Nc3d5 Be7d8
47.f4 f6
48.fxe5 fxe5
49.Nd5e3 h6
50.Bd2c1 Na3c2
51.Ne3d1 g5
52.Kf2 Nb4d3
53.Kg3 Nd3xc1
54.Nd1c3 Nc2e3
55.Nc3b1 { resign }
1-0

[Event "Match"]
[Site "www.echecsemail.com"]
[Date "2016.04.20"]
[Round "1"]
[White "Nigel"]
[Black "Iko"]
[WhiteElo "1499"]
[BlackElo "1660"]
[Result "0-1"]
[Round "1"]
1.e4 e5
2.Ng1f3 d6
3.d4 Ng8f6
4.dxe5 Nf6xe4
5.Bf1d3 d5
6.Bd3xe4 dxe4
7.Qd1xd8 Kxd8
8.Nf3g5 f5
9.Ng5f7 Ke7
10.Nf7xh8 Ke6
11.f4 Nb8c6
12.Nb1c3 Bf8b4
 { time }
0-1

[Event "Match"]
[Site "www.echecsemail.com"]
[Date "2016.04.20"]
[Round "1"]
[White "Nigel"]
[Black "Caspito"]
[WhiteElo "1499"]
[BlackElo "1730"]
[Result "0-1"]
[Round "1"]
1.e4 e5
2.Ng1f3 Nb8c6
3.Bf1b5 Nc6d4
4.Nf3xd4 exd4
5.c3 Bf8c5
6.O-O c6
7.cxd4 Bc5xd4
8.Bb5c4 d5
9.exd5 cxd5
10.Rf1e1 Ng8e7
11.Bc4b5 Bc8d7
12.Nb1a3 Bd7xb5
13.Na3xb5 Bd4xf2
14.Kxf2 Qd8b6
15.d4 Qb6xb5
16.Qd1e2 Qb5d7
17.Bc1g5 f6
18.Bg5d2 a5
19.Ra1c1 Kf7
20.Rc1c5 Rh8e8
21.Bd2xa5 Qd7a4
 { time }
0-1

[Event "Match"]
[Site "www.echecsemail.com"]
[Date "2016.04.20"]
[Round "1"]
[White "Cheminet"]
[Black "Pare123"]
[WhiteElo "1930"]
[BlackElo "1940"]
[Result "1-0"]
[Round "1"]
1.d4 e6
2.Bc1f4 Nb8c6
3.c4 Bf8b4
4.Nb1c3 Qd8f6
5.e3 d6
6.Ng1f3 h6
7.Bf1e2 Bb4xc3
8.bxc3 Ng8e7
9.O-O O-O
10.Ra1b1 b6
11.Qd1d2 Ne7g6
12.Bf4g3 e5
13.Nf3e1 Bc8b7
14.f4 exf4
15.Bg3xf4 Qf6e7
16.Ne1c2 Nc6d8
17.d5 f5
18.Rb1e1 Nd8f7
19.Nc2d4 Rf8e8
20.Nd4xf5 Qe7f6
21.Bf4xd6 Nf7xd6
22.Nf5xh6 gxh6
23.Rf1xf6 { resign }
1-0

[Event "Match"]
[Site "www.echecsemail.com"]
[Date "2016.04.20"]
[Round "1"]
[White "Pariolinius"]
[Black "1xdia"]
[WhiteElo "1750"]
[BlackElo "1499"]
[Result "0-1"]
[Round "1"]
1.e4 c5
2.b3 Nb8c6
3.Bc1b2 Ng8f6
4.Nb1c3 e5
5.Ng1f3 d6
6.Bf1c4 Bf8e7
7.O-O O-O
8.h3 Bc8e6
9.Bc4e2 h6
10.Nc3b5 a6
11.Nb5a3 b5
12.c4 b4
13.Na3c2 a5
14.Nc2e3 Nc6d4
15.Nf3xd4 cxd4
16.Ne3g4 Ra8c8
17.Ra1c1 Nf6xe4
18.Be2f3 Ne4f6
19.Ng4xf6 Be7xf6
20.d3 Qd8b6
21.Rc1c2 Be6f5
22.Rf1e1 Rf8e8
23.Bf3e4 Bf5xe4
24.Re1xe4 Rc8c5
25.Bb2c1 Qb6c6
26.Qd1g4 Kh7
27.Bc1xh6 gxh6
28.Qg4f5 Kg7
29.Re4g4 Bf6g5
30.h4 f6
31.hxg5 hxg5
32.f3 d5
{ resign }
0-1

[Event "Match"]
[Site "www.echecsemail.com"]
[Date "2016.04.20"]
[Round "1"]
[White "Pariolinius"]
[Black "Pinehill"]
[WhiteElo "1750"]
[BlackElo "2120"]
[Result "0-1"]
[Round "1"]
1.d4 Ng8f6
2.Bc1g5 e6
3.Ng1f3 d5
4.e3 Bf8e7
5.Nb1d2 Nb8d7
6.Bf1e2 O-O
7.O-O c6
8.Ra1c1 h6
9.Bg5h4 Qd8b6
10.Nd2b3 c5
{ resign }
0-1

[Event "Match"]
[Site "www.echecsemail.com"]
[Date "2016.04.20"]
[Round "1"]
[White "Ztornad"]
[Black "Hundegana"]
[WhiteElo "1730"]
[BlackElo "1970"]
[Result "0-1"]
[Round "1"]
1.Ng1f3 Nb8c6
2.b3 e5
3.d4 e4
4.Nf3e5 Nc6xe5
5.dxe5 c6
6.h4 Qd8a5
7.Bc1d2 Qa5xe5
8.Bd2c3 Qe5f5
9.Qd1d4 f6
10.Nb1d2 d5
11.f3 Bf8d6
12.Nd2xe4 Bd6e5
13.Qd4xe5 Qf5xe5
14.Bc3xe5 fxe5
15.Ne4d6 Ke7
16.Nd6xc8 Ra8xc8
17.a4 Ng8f6
18.g4 h6
19.c4 dxc4
20.bxc4 Rh8d8
21.Bf1h3 Rc8c7
22.g5 Nf6h5
23.gxh6 gxh6
24.O-O Nh5f4
25.Bh3f5 Nf4xe2
26.Kh2 Kf6
27.Bf5g4 Ne2f4
28.c5 Rd8d2
29.Kh1 h5
30.a5 a6
31.Ra1a3 hxg4
32.fxg4 Rc7d7
33.Ra3e3 Rd7d5
34.Re3c3 Rd2b2
35.h5 Kg5
36.Rc3e3 Rd5xc5
37.Rf1e1 Kxg4
38.h6 Rc5d5
39.h7 Rd5d8
40.Re1g1 Kf5
41.Rg1g8 Rd8d1
42.Rg8g1 Rd1xg1
43.Kxg1 Nf4g6
44.Re3h3 Ng6h8
45.Rh3h5 Kf6
46.Kf1 c5
47.Ke1 c4
48.Rh5h3 Rb2b3
49.Rh3h6 Kg7
50.Rh6e6 Kxh7
51.Re6xe5 Kg6
52.Re5c5 c3
53.Kd1 Rb3b5
54.Rc5xc3 Rb5xa5
55.Rc3g3 Kf6
56.Rg3f3 Ke6
57.Rf3e3 Kd6
58.Re3e8 Nh8f7
59.Re8b8 Kc7
60.Rb8f8 Nf7d6
61.Rf8h8 b5
62.Rh8h7 Kc6
63.Rh7h4 Nd6c4
64.Rh4h6 Kc5
65.Rh6h5 Kb4
66.Rh5h4 Ra5a2
67.Kc1 a5
68.Rh4h3 a4
69.Rh3h5 a3
70.Rh5h3 Ka4
71.Rh3c3 Ra2b2
72.Rc3c2 Rb2xc2
73.Kb1 Kb3
{ resign }
0-1

[Event "Match"]
[Site "www.echecsemail.com"]
[Date "2016.04.20"]
[Round "1"]
[White "Pariolinius"]
[Black "Raulazo"]
[WhiteElo "1750"]
[BlackElo "1920"]
[Result "0-1"]
[Round "1"]
1.Nb1c3 e5
2.e4 Ng8f6
3.Ng1f3 Nb8c6
4.Bf1c4 h6
5.O-O Bf8b4
6.Rf1e1 O-O
7.d3 Bb4xc3
8.bxc3 a6
9.Bc1a3 d6
10.Ra1b1 b5
11.Bc4b3 Bc8g4
12.Re1e3 Qd8d7
13.Qd1d2 Nc6e7
14.Nf3h4 a5
15.f3 Bg4e6
16.Bb3xe6 fxe6
17.d4 Nf6h5
18.dxe5 Nh5f4
19.exd6 Ne7g6
20.Nh4xg6 Nf4xg6
{ resign }
0-1

[Event "Match"]
[Site "www.echecsemail.com"]
[Date "2016.04.20"]
[Round "1"]
[White "Ztornad"]
[Black "Guidom"]
[WhiteElo "1770"]
[BlackElo "2110"]
[Result "0-1"]
[Round "1"]
1.e4 e5
2.Ng1f3 Nb8c6
3.Nb1c3 d6
4.h3 Bc8e6
5.d4 exd4
6.Nf3xd4 Nc6xd4
7.Qd1xd4 Qd8f6
8.Qd4a4 Be6d7
9.Bf1b5 c6
10.Bb5e2 Bf8e7
11.h4 h6
12.Qa4c4 Bd7e6
13.Qc4d3 Qf6g6
14.Qd3g3 Qg6xg3
15.fxg3 Be7f6
16.Bc1e3 Bf6xc3
17.bxc3 Ng8f6
18.O-O Nf6xe4
19.Be3f4 d5
20.Rf1f3 O-O-O
21.Ra1d1 Rh8e8
22.a4 Be6g4
23.Rf3e3 Bg4xe2
24.Re3xe2 Ne4xc3
25.Re2xe8 Rd8xe8
26.Rd1f1 Nc3xa4
27.Bf4c1 f6
28.Kh2 Re8e2
29.c4 dxc4
30.Rf1f5 a6
31.Rf5a5 Na4b6
32.Ra5a3 Nb6d5
33.Ra3a4 c3
34.Kh3 Kd7
35.Ra4d4 b5
36.Rd4g4 g5
37.hxg5 hxg5
38.Rg4d4 Re2e1
39.Bc1a3 f5
40.Ba3b4 Re1h1
{ resign }
0-1

[Event "Match"]
[Site "www.echecsemail.com"]
[Date "2016.04.20"]
[Round "1"]
[White "Silent1"]
[Black "Gambitmiau"]
[WhiteElo "1800"]
[BlackElo "1850"]
[Result "1/2-1/2"]
[Round "1"]
1.d4 Nb8c6
2.c4 d5
3.Nb1c3 e6
4.e3 Bf8b4
5.Bc1d2 Ng8f6
6.Bf1d3 O-O
7.Ng1f3 Nc6a5
8.cxd5 exd5
9.a3 Bb4xc3
10.Bd2xc3 Na5c6
11.Nf3e5 Nc6xe5
12.dxe5 Nf6e4
13.Bd3xe4 dxe4
14.O-O b5
15.Qd1xd8 Rf8xd8
16.Rf1d1 Rd8d3
17.Kf1 Bc8a6
18.Rd1xd3 exd3
19.Ke1 Ra8d8
20.Kd2 Rd8e8
21.b4 Ba6b7
22.g3 Re8d8
23.Bc3d4 Bb7e4
24.Ra1c1 c6
25.Rc1c5 Rd8d5
26.Rc5xd5 Be4xd5
27.Kxd3 Bd5f3
28.Bd4xa7 h5
29.h4 Kf8
30.Ba7d4 Ke7
31.Bd4c5 Ke6
32.Bc5f8 g6
33.Bf8g7 { draw }
1/2-1/2

[Event "Match"]
[Site "www.echecsemail.com"]
[Date "2016.04.20"]
[Round "1"]
[White "Tomcapp"]
[Black "Daquata"]
[WhiteElo "1570"]
[BlackElo "1630"]
[Result "0-1"]
[Round "1"]
1.e4 c5
2.Bf1c4 Nb8c6
3.Ng1f3 d6
4.d3 Ng8f6
5.Bc1g5 Bc8g4
6.Bg5xf6 exf6
7.Nb1c3 Nc6e5
8.h3 Ne5xf3
9.gxf3 Bg4h5
10.Qd1e2 a6
11.O-O-O b5
12.Bc4d5 Ra8b8
13.Bd5c6 Ke7
14.Nc3d5 Ke6
15.Nd5f4 Ke7
16.Nf4xh5 Qd8b6
17.Bc6d5 g6
18.Nh5f4 Bf8h6
19.a3 Bh6xf4
20.Kb1 b4
21.a4 Rh8c8
22.b3 Kf8
23.h4 Rc8e8
24.Kb2 f5
25.Rd1a1 Bf4e5
26.d4 Be5xd4
27.Ka2 Bd4xa1
28.Rh1xa1 Qb6d8
29.Bd5c6 Re8e5
30.Ra1d1 Qd8e7
31.Qe2xa6 Qe7xh4
32.Qa6a7 Qh4d8
33.a5 Re5e7
34.Qa7a6 Qd8c7
35.Bc6d5 Qc7a7
36.Qa6xd6 Qa7xa5
37.Kb2 Qa5a3
38.Kb1 Qa3a5
39.Rd1h1 h5
40.exf5 Rb8d8
41.Qd6f4 Rd8xd5
42.Qf4b8 Rd5d8
43.Qb8f4 Re7a7
44.Kc1 Qa5a1
{ resign }
0-1